| 000 | 00485nam a2200145 4500 | ||
|---|---|---|---|
| 999 |
_c10386 _d10386 |
||
| 008 | 180824b ||||| |||| 00| 0 eng d | ||
| 022 | _a2094-8042 | ||
| 082 | _aDPer 370.105 M72 Jan-Dec 2011 v59-60 | ||
| 100 |
_930537 _aAdriano, Violeta S. |
||
| 245 |
_aWill eating fats make you fat?/ _cVioleta S. Adriano. |
||
| 260 |
_aPhilippines: _bIn the Grade School, Inc., _cc2011. |
||
| 300 |
_av60 n2, page 67: _billustrations; _c27cm. |
||
| 650 | 0 |
_930538 _aGastronomy. |
|
| 942 |
_2ddc _cPER |
||